000 00509nam a22001697a 4500
999 _c8352
_d8352
008 201113b ||||| |||| 00| 0 eng d
040 _aBMS College of Architecture
100 _aKhan, Nida Ali
245 _aHayat jadida- hope for new life
300 _a47p.
500 _a1BM15AT056
502 _8B,Arch
_NBMS College of Architecture, Visvesvaraya Technological University (VTU)
_aProject report
_d2019
650 _aNew life
700 _aPrathima
_eGuide
700 _aBhavesh
_eGuide
942 _2ddc
_cTHE